Грунтоведение: учебник для академического бакалавриата

Detalles Bibliográficos
Autor Principal: Крамаренко В. В. Виолетта Валентиновна
Autor Corporativo: Национальный исследовательский Томский политехнический университет (ТПУ)
Summary:В учебнике "Грунтоведение" автора В. В. Крамаренко хорошо представлены основные современные проблемы анализа состава грунтов, их физические, гидрофизические, химические, физико-механические свойства, особое место занимает рассмотрение методик изучения их основных параметров и даны соответствующие описательные примеры, представлены методы расчета и статистические данные.
Idioma:ruso
Publicado: Москва, Юрайт, 2019
Series:Университеты России
Subjects:
Formato: Libro
KOHA link:https://koha.lib.tpu.ru/cgi-bin/koha/opac-detail.pl?biblionumber=343532

MARC

LEADER 00000nam0a2200000 4500
001 343532
005 20240223105413.0
010 |a 9785534013399 
035 |a (RuTPU)RU\TPU\book\373931 
035 |a RU\TPU\book\340305 
090 |a 343532 
100 |a 20191009d2019 m y0rusy50 ca 
101 0 |a rus 
102 |a RU 
105 |a a j 001zy 
200 1 |a Грунтоведение  |e учебник для академического бакалавриата  |f В. В. Крамаренко  |g Национальный исследовательский Томский политехнический университет (ТПУ) 
210 |a Москва  |c Юрайт  |d 2019 
215 |a 430 с.  |c ил. 
225 1 |a Университеты России 
320 |a Библиогр.: с. 423-427 
330 |a В учебнике "Грунтоведение" автора В. В. Крамаренко хорошо представлены основные современные проблемы анализа состава грунтов, их физические, гидрофизические, химические, физико-механические свойства, особое место занимает рассмотрение методик изучения их основных параметров и даны соответствующие описательные примеры, представлены методы расчета и статистические данные. 
606 1 |a Грунтоведение  |2 stltpush  |3 (RuTPU)RU\TPU\subj\8739  |9 36083 
610 1 |a история 
610 1 |a грунты 
610 1 |a состав 
610 1 |a компоненты 
610 1 |a образцы 
610 1 |a описание 
610 1 |a отбор 
610 1 |a хранение 
610 1 |a транспортировка 
610 1 |a качество 
610 1 |a физические свойства 
610 1 |a гидрофизические свойства 
610 1 |a теплофизические свойства 
610 1 |a химические свойства 
610 1 |a физико-механические свойства 
610 1 |a классификация 
610 1 |a учебные пособия 
610 1 |a труды учёных ТПУ 
675 |a 624.131(075.8)  |v 4 
700 1 |a Крамаренко  |b В. В.  |c геолог  |c доцент Томского политехнического университета, кандидат геолого-минералогических наук  |f 1965-  |g Виолетта Валентиновна  |3 (RuTPU)RU\TPU\pers\27701  |9 12775 
712 0 2 |a Национальный исследовательский Томский политехнический университет (ТПУ)  |c (2009- )  |3 (RuTPU)RU\TPU\col\15902 
801 1 |a RU  |b 63413507  |c 20160219 
801 2 |a RU  |b 63413507  |c 20191121  |g RCR 
942 |c BK